|
|
|
|
| LEADER |
00000nam a2200000 i 4500 |
| 001 |
ELB228337 |
| 003 |
FINmELB |
| 005 |
20230419121057.0 |
| 006 |
m o u |
| 007 |
cr cn||||||||| |
| 008 |
230314s2020 ck a o 000 0 spa d |
| 020 |
|
|
|a 9789585151703
|q (digital)
|
| 035 |
|
|
|a (OCoLC)1377206014
|
| 040 |
|
|
|a FINmELB
|b spa
|e rda
|c FINmELB
|
| 050 |
|
4 |
|a GE70
|b .P855 2020
|
| 080 |
|
|
|a 37:5
|
| 082 |
0 |
4 |
|a 372.357
|2 23
|
| 100 |
1 |
|
|a Pulido Villamil, Ximena Carolina,
|e autor.
|
| 245 |
1 |
0 |
|a Ciencia al alcance de todos :
|b herramientas para la vida y ser buenos ciudadanos /
|c Ximena Carolina Pulido Villamil, Nidia Yadira Caicedo Bravo, Leonardo Duván Restrepo Álape.
|
| 264 |
|
1 |
|a Tolima :
|b Sello Editorial Universidad del Tolima,
|c 2020.
|
| 300 |
|
|
|a 1 recurso en línea :
|b ilustraciones, tablas
|
| 336 |
|
|
|a texto
|b txt
|2 rdacontent/spa
|
| 337 |
|
|
|a computadora
|b c
|2 rdamedia/spa
|
| 338 |
|
|
|a recurso en línea
|b cr
|2 rdacarrier/spa
|
| 505 |
0 |
|
|a Prácticas de laboratorio -- Resolución de problemas -- Iniciación a la investigación -- Relaciones entre ciencia, tecnología, sociedad y medio ambiente -- Actitudes de los estudiantes hacia las ciencias y su aprendizaje.
|
| 588 |
|
|
|a Descripción basada en metadatos suministrados por el editor y otras fuentes.
|
| 590 |
|
|
|a Recurso electrónico. Santa Fe, Arg.: elibro, 2023. Disponible vía World Wide Web. El acceso puede estar limitado para las bibliotecas afiliadas a elibro.
|
| 650 |
|
4 |
|a Ciencias básicas
|x Enseñanza.
|
| 655 |
|
4 |
|a Libros electrónicos.
|
| 700 |
1 |
|
|a Caicedo Bravo, Nidia Yadira,
|e autor.
|
| 700 |
1 |
|
|a Restrepo Álape, Leonardo Duván,
|e autor.
|
| 797 |
2 |
|
|a elibro, Corp.
|
| 856 |
4 |
0 |
|u https://elibro.uam.elogim.com/ereader/bidiuam/228337
|z Texto completo
|